000 00585nam a22002057a 4500
003 OSt
005 20260225163555.0
008 260225b |||||||| |||| 00| 0 eng d
020 _a978027370919-X
040 _cDDC
082 _a332.1 HOW 2017
100 _4Howells, Peter; Saunders, Anthony
245 _aFinancial Institutions Management: a risk management approach
260 _aEngland; Prentice hall, 2017
300 _axxvii,472p.;Ill: 29cm
504 _aIndex included
650 _aFinancial management
_95543
650 _aRisk management
_97911
942 _2ddc
_cO_SHELF
999 _c9608
_d9608